Most Overrated Players in sports - Statistics

General Stats
  • This quiz has been taken 18 times
  • The average score is 3 of 12
Answer Stats
Hint Answer % Correct
Football Patrick Mahomes
73%
Soccer Haaland
40%
Basketball Joel Embiid
33%
Football Caleb Williams
27%
Football Dak Prescott
27%
Soccer Cole Palmer
20%
Basketball Nikola Jokic
20%
Soccer Pedri
20%
Football Tyreek Hill
20%
Football Jared Goff
13%
Baseball Gunnar Henderson
7%
Basketball Julius Randle
0%
No matching quizzes found
Score Distribution
Percent of People with Each Score
Percentile by Number Answered
Your Score History
You have not taken this quiz